Did It Win an Outstanding Comedy Emmy? Quiz Stats

 Plays Quiz Updated Mar 4, 2020

Support Sporcle.
Go Orange.
Score 0/7 Timer 01:30
4 Plays Today
% Correct
30 Rock
Yes (2007, '08, '09)
86.6%
M*A*S*H
Yes (1974)
83.1%
Arrested Development
Yes (2004)
68.5%
Murphy Brown
Yes (1990, '92)
62%
Ally McBeal
Yes (1999)
49.3%
The Wonder Years
Yes (1988)
41.6%
Get Smart
Yes (1968, '69)
36.1%

From the Vault

Find That Movie! VII

by AdamL

Movies 8m
This quiz is "very niiiice."
Remove Ads.
Support Sporcle.
Get the best of Sporcle when you Go Orange. This ad-free experience offers more features, more stats, and more fun while also helping to support Sporcle. Thank you for becoming a member.

Show Comments

Extras

Top Quizzes Today


Score Distribution

Your Account Isn't Verified!

In order to create a playlist on Sporcle, you need to verify the email address you used during registration. Go to your Sporcle Settings to finish the process.

Report this User

Report this user for behavior that violates our Community Guidelines.

Details: